| 000 | 00662nam a2200181 4500 | ||
|---|---|---|---|
| 001 | 120111 | ||
| 003 | ES-MaACL | ||
| 007 | t| | ||
| 008 | 070214s1981 sp r ||||1| spa d | ||
| 100 | 0 |
_aPérez de Vargas, Alberto _990813 |
|
| 245 | 1 | 0 |
_aElementos de biomatemática _b: una introducción al método de la biología matemática / _cAlberto Pérez de Vargas, Cristina Martínez Calvo, Jesús López-Sánchez. |
| 260 |
_aMadrid : _bFragua, _c1981. |
||
| 300 |
_aXXIV, 375 p. ; _c24 cm. |
||
| 700 | 1 |
_aMartínez Calvo, Cristina. _977913 |
|
| 700 | 1 |
_aLópez-Sánchez, Jesús. _973955 |
|
| 852 |
_aES-MaACL _jL-373 _bR.101312 |
||
| 999 |
_c120111 _d120111 |
||